UM Logo

Overview of recent advanced topologies for transformerless dual-grounded inverters / (Record no. 20071)

MARC details
000 -LEADER
fixed length control field 01189nam a22002657a 4500
003 - CONTROL NUMBER IDENTIFIER
control field OSt
005 - DATE AND TIME OF LATEST TRANSACTION
control field 20251006182806.0
008 - FIXED-LENGTH DATA ELEMENTS--GENERAL INFORMATION
fixed length control field 240405b ||||| |||| 00| 0 eng d
040 ## - CATALOGING SOURCE
Transcribing agency 0
082 ## - DEWEY DECIMAL CLASSIFICATION NUMBER
Classification number DPer 621.381 Ie21 October 2022 v. 37 n. 10
100 ## - MAIN ENTRY--PERSONAL NAME
Personal name Guo, Xiaoqiang.
Relator term author.
9 (RLIN) 56281
245 ## - TITLE STATEMENT
Title Overview of recent advanced topologies for transformerless dual-grounded inverters /
Statement of responsibility, etc. Xiaoqiang Guo, Han Zhang, Wei Tang, Zhigang Lu, Changchun Hua, Yam P. Siwakoti, Mariusz Malinowski, and Frede Blaabjerg.
260 ## - PUBLICATION, DISTRIBUTION, ETC. (IMPRINT)
Place of publication, distribution, etc. New York ;
Name of publisher, distributor, etc. The Institute of Electrical and Electronics Engineers, Inc. ,
Date of publication, distribution, etc. October 2022.
300 ## - PHYSICAL DESCRIPTION
Extent Volume 37, pages 12679-12704 :
Other physical details illustration ;
Dimensions 28 cm.
500 ## - GENERAL NOTE
General note IEEE Transactions on Power Electronics, v. 37, n. 10, pages 12679-12704, October 2022.
700 ## - ADDED ENTRY--PERSONAL NAME
Personal name Guo, Xiaoqiang.
Relator term author.
9 (RLIN) 56281
700 ## - ADDED ENTRY--PERSONAL NAME
Personal name Zhang, Han.
Relator term author.
9 (RLIN) 56282
700 ## - ADDED ENTRY--PERSONAL NAME
Personal name Tang, Wei.
Relator term author.
9 (RLIN) 56283
700 ## - ADDED ENTRY--PERSONAL NAME
Personal name Lu, Zhigang.
Relator term author.
9 (RLIN) 56284
700 ## - ADDED ENTRY--PERSONAL NAME
Personal name Hua, Changchun.
Relator term author.
9 (RLIN) 56285
700 ## - ADDED ENTRY--PERSONAL NAME
Personal name Siwakoti, Yam P.
Relator term author.
9 (RLIN) 56286
700 ## - ADDED ENTRY--PERSONAL NAME
Personal name Malinowski, Mariusz.
Relator term author.
9 (RLIN) 56287
700 ## - ADDED ENTRY--PERSONAL NAME
Personal name Blaabjerg, Frede.
Relator term author.
9 (RLIN) 56288
942 ## - ADDED ENTRY ELEMENTS (KOHA)
Source of classification or shelving scheme Dewey Decimal Classification
Koha item type Periodicals
Holdings
Withdrawn status Lost status Source of classification or shelving scheme Damaged status Not for loan Collection code Home library Current library Date acquired Total Checkouts Full call number Date last seen Price effective from Koha item type Public note
    Dewey Decimal Classification     Periodicals UM Digos College - LIC UM Digos College - LIC 04/05/2024   DPer 621.317 Ie21 October 2022 v. 37 n. 10 04/05/2024 04/05/2024 Periodicals Periodical Article